000 00466nam a2200181Ia 4500
001 22159
003 GE_BSU
008 181216s||||||||xx |||||||||||||| ||und||
040 _cGE_BSU
245 4 _aThe Economist, june 10th-16th №9044. 2017
260 _aLondon
260 _c2017
300 _a88 p. 27 cm. ill.
653 _aThe Economist, june 10th-16th №9044. 2017
653 _aПериодика
653 _aპერიოდიკა
942 _cCR
999 _c55084
_d55084